Normal view
MARC view
- DYNAMIC HTML HTML-DYNAMIC
Entry Topical Term
001 - CONTROL NUMBER
- control field: 75462
003 - CONTROL NUMBER IDENTIFIER
- control field: NUST
005 - DATE AND TIME OF LATEST TRANSACTION
- control field: 20210628205421.0
008 - FIXED-LENGTH DATA ELEMENTS
- fixed length control field: 210628|| aca||aabn | a|a d
040 ## - CATALOGING SOURCE
- Original cataloging agency: NUST
- Transcribing agency: NUST
150 ## - HEADING--TOPICAL TERM
- Topical term or geographic name entry element: DYNAMIC HTML HTML-DYNAMIC
670 ## - SOURCE DATA FOUND
- Source citation: Work cat.: (NUST): Darnell, Rick Campbell, Bruce 75461, Teach yourself dynamic html in a week, 1997
